| 000 | 01384cam a22003854a 4500 | ||
|---|---|---|---|
| 001 | 14926080 | ||
| 003 | OSt | ||
| 005 | 20140310182850.0 | ||
| 008 | 070713s2006 ph a b 000 0deng | ||
| 010 | _a 2007318305 | ||
| 020 | _a9789718551547 | ||
| 035 | _a(OCoLC)ocn123979225 | ||
| 040 |
_aGZM _cGZM _dGZM _dDLC |
||
| 042 |
_alccopycat _alcode |
||
| 043 | _aa-ph--- | ||
| 050 | 0 | 0 |
_aPQ8717 _b.B857 2006 |
| 082 |
_aF899.218 _b .B857 2006 |
||
| 100 | 1 | _aBrillantes, Lourdes Castillo. | |
| 245 | 1 | 0 |
_a81 years of Premio Zóbel : _ba legacy of Philippine literature in Spanish / _cBrillantes, Lourdes Castrillo. |
| 246 | 3 | _aEighty-one years of Premio Zóbel | |
| 246 | 3 | 0 | _aLegacy of Philippine literature in Spanish |
| 260 |
_aMakati City, Philippines : _bGeorgina Padilla y Zóbel, Filippinas Heritage Library, _cc2006 |
||
| 300 |
_axx, 356 p. : _bill. ; _c26 cm. |
||
| 504 | _aIncludes bibliographical references (p. 350-356). | ||
| 521 | _acollege students | ||
| 526 | _c1210L -1700L | ||
| 541 | _j1 | ||
| 562 | _efor circulation : 1 copy in the collection | ||
| 600 | 1 | 0 |
_aAyala, Enrique Zóbel de, _d1877-1943. |
| 650 | 0 |
_aLiterary prizes _zPhilippines _xHistory. |
|
| 650 | 0 | _aPhilippine literature (Spanish) | |
| 906 |
_a7 _bcbc _corigres _d3 _encip _f20 _gy-gencatlg |
||
| 942 |
_2lcc _cBK _kFIL |
||
| 999 |
_c16983 _d16983 |
||